Normal view
MARC view
- Building structure
Entry Topical Term
001 - CONTROL NUMBER
- control field: 18409
003 - CONTROL NUMBER IDENTIFIER
- control field: NUST
005 - DATE AND TIME OF LATEST TRANSACTION
- control field: 20190723113439.0
008 - FIXED-LENGTH DATA ELEMENTS
- fixed length control field: 190723|| aca||aabn | a|a d
040 ## - CATALOGING SOURCE
- Original cataloging agency: NUST
- Transcribing agency: NUST
150 ## - HEADING--TOPICAL TERM
- Topical term or geographic name entry element: Building structure
670 ## - SOURCE DATA FOUND
- Source citation: Work cat.: (NUST): Syal, I.C. 18408, Reinforced Concrete Structures, 1992.
